| 000 | 00411nam a22001697a 4500 | ||
|---|---|---|---|
| 003 | CEME | ||
| 005 | 20210628210651.0 | ||
| 008 | 210211b xxu||||| |||| 00| 0 eng d | ||
| 040 | _c. | ||
| 082 | _a658.409 PET | ||
| 100 |
_aPetty, Geoffrey _980425 |
||
| 245 | _aHow to be better at creativity | ||
| 260 |
_aNEW DELHI _bKOGAN PAGE _c1999 |
||
| 300 | _a216P | ||
| 650 |
_aCREATIVITY _980426 |
||
| 942 |
_cBK _2ddc |
||
| 999 |
_c585362 _d585362 |
||